00357 2200157 4500001002100000005001500021035002000036245003500056100001100091250000600102300001200108260004500120082000800165084001400173990001200187INLIS00000000000249320250604112018 a0010-06250000791 aJangan Ucapkan Cinta /cMira W0 aMira W a1 a205 hlm aJakarta :bGramedia Pustaka Utama,c2004 a800 a800 MIR j a0712307